Loading...
Our national flag
| Hovedforfatter: | |
|---|---|
| Format: | Printed Book |
| Udgivet: |
New Delhi
Ministry of Information and Broadcasting
1998
|
| Fag: |
| LEADER | 00438cam a2200145ua 4500 | ||
|---|---|---|---|
| 082 | |a 894,814 |b SIN/O | ||
| 100 | |a Singh, K.V | ||
| 245 | 0 | 0 | |a Our national flag |
| 260 | |a New Delhi |b Ministry of Information and Broadcasting |c 1998 | ||
| 300 | |a 117p. | ||
| 650 | 0 | |a National flag- India | |
| 700 | 0 | 2 | |a |
| 942 | |c BK | ||
| 999 | |c 745 |d 745 | ||
| 952 | |0 0 |1 0 |4 0 |6 894_814000000000000_SINO |7 0 |9 784 |a KUCL |b KUCL |d 2014-05-23 |l 0 |o 894.814 SIN/O |p 03852 |r 2014-05-23 |y BK | ||